Giải pháp bảo tồn âm nhạc trong lễ tế Nam Giao /

Đã lưu trong:
Sonraí Bibleagrafaíochta
Príomhúdar: Nguyễn Việt Đức.
Formáid: Bài viết
Teanga:Vietnamese
Ábhair:
Clibeanna: Cuir Clib Leis
Gan Chlibeanna, Bí ar an gcéad duine leis an taifead seo a chlibeáil!
Thư viện lưu trữ: Thư viện Trường Đại học Đà Lạt
LEADER 00786nam a2200265 4500
001 DLU180187509
005 ##20181002
040 # # |a DLU  |b vie 
041 # # |a vie 
044 # # |a vn 
100 # # |a Nguyễn Việt Đức. 
245 # # |a Giải pháp bảo tồn âm nhạc trong lễ tế Nam Giao /  |c Nguyễn Việt Đức. 
653 # # |a Âm nhạc truyền thống 
653 # # |a Lễ hội 
653 # # |a Nghệ thuật âm nhạc 
653 # # |a Nghi lễ 
773 # # |t Văn hoá Nghệ thuật  |g Số 402, 2017, tr. 62-65 
920 # # |a Phòng Tạp chí -- Trung tâm Thông tin - Thư viện Trường Đại học Đà Lạt 
900 # # |a True 
911 # # |a Hoàng Thị Huyền 
925 # # |a G 
926 # # |a A 
927 # # |a BB 
980 # # |a Thư viện Trường Đại học Đà Lạt